• 首页
  • 本馆介绍
  • 公告通知
  • 最新文献
  • 馆藏检索
  • 电子资源
  • 读者导购
  • 参考咨询
  • 我的图书馆
  • 登录
  • 详细信息显示
  • 放入我的书架
  • 预约/预借图书
  • 作者相关作品
  • 分类相关作品
  • 丛书相关作品
  • 出版社相关作品

书目信息

  • 表格格式
  • 工作单格式
  • 卡片格式
题名:
劳动法
    
 
作者: 赵德淳 编
分册:  
出版信息: 北京   经济科学出版社  2008
页数: 247页
开本: 23cm
丛书名:
单 册:
中图分类: D922.501
科图分类:
主题词: 劳动法--中国--教材 , 劳动法
电子资源:
ISBN: 978-7-5058-7457-2
000 00837nlm0 2200253 450
001 523
005 20140908082051.01
010    @a978-7-5058-7457-2@dCNY28.00
100    @a20081107d2008 em y0chiy50 ea
101 0  @achi
102    @aCN@b110000
105    @ay z 000yy
106    @ar
200 1  @a劳动法@ALao Dong Fa@f赵德淳编@FZhao De Chun Bian
210    @a北京@c经济科学出版社@d2008
215    @a247页@d23cm@e1操作与习题册(46页)
325    @a电子复制品
330    @a本书共十四章,内容包括:劳动法概述、国际劳动立法、劳动就业、劳动合同与集体合同、工作时间和休息休假、工资、劳动安全卫生、女职工和未成年工的特殊保护等。
606 0  @a劳动法@y中国@j教材
606 0  @a劳动法
690    @aD922.501@v5
701  0 @a赵德淳@AZhao De Chun@f(1962.7~)@4编
801  0 @aCN@bTANGWEI@c20140603
905    @b0839470-72@dD922.501@e1155@f3
    
    劳动法/赵德淳编.-北京:经济科学出版社,2008
    247页;23cm+1操作与习题册(46页)
    
    
    ISBN 978-7-5058-7457-2:CNY28.00
    本书共十四章,内容包括:劳动法概述、国际劳动立法、劳动就业、劳动合同与集体合同、工作时间和休息休假、工资、劳动安全卫生、女职工和未成年工的特殊保护等。
●
相关链接 在E读中查询图书 在五车中查询图书 在当当中查询图书 在豆瓣中查询图书


正题名:劳动法     索取号:D922.501/1155         预约/预借

序号 登录号 条形码 馆藏地/架位号 状态 备注
1 0839470   208394708   第一样本阅览室/ [索取号:D922.501/1155] 在馆    
2 0839471   208394717   密集书库-史法系/ [索取号:D922.501/1155] 在馆    
3 0839472   208394726   第一借阅区/ [索取号:D922.501/1155] 在馆    
唐山师范学院图书馆 欢迎您!
大连网信软件有限公司© 版权所有